The condor bulletin of the Cooper Ornithological Club.

Detalles Bibliográficos
Título anterior:Bulletin of the Cooper Ornithological Club (Online)
Autores Corporativos: Cooper Ornithological Club, Cooper Ornithological Society
Formato: Electrónico Revista
Lenguaje:inglés
Publicado: Santa Clara, Cal. : Cooper Ornithological Club, [1900]-
Materias:
Acceso en línea:Full text available from Research Library: 02/01/1998 to 11/30/2012

MARC

LEADER 00000nas a2200000 a 4500
001 ssj0001242
003 WaSeSS
005 20200512172242.0
006 m d
007 cr n
008 010306c19009999iduqr pss o 0 a0eng c
010 |a  2004242153 
016 7 |a 2066173-3  |2 DE-600 
016 7 |a 019109330  |2 Uk 
022 |a 1938-5129  |l 0010-5422  |y 0010-5422 
030 |a CNDRAB 
035 |a (WaSeSS)ssj0001242 
037 |b BioOne, 21 Dupont Circle, Suite 800, Washington, DC 20036 
040 |a BIK  |b eng  |c BIK  |d OCLCQ  |d WCM  |d OCLCQ  |d DLC  |d OCLCQ  |d MYG  |d F#A  |d MUQ  |d MYG  |d EYM  |d CUS  |d OCLCS  |d OCL  |d OCLCQ  |d NSD  |d OCLCQ  |d HEBIS  |d DLC  |d AU@  |d OCLCQ  |d OCLCO  |d OCLCE  |d OCLCF  |d LRU  |d OCLCO  |d OCLCQ  |d DEBBG  |d EZC  |d GILDS  |d NTG  |d OCLCO  |d IBK  |d OCLCO  |d UKMGB  |d WaSeSS 
042 |a pcc  |a nsdp 
043 |a n-us-ca 
050 1 4 |a QL671  |b .C7 
082 1 0 |a 598  |2 14 
130 0 |a Condor (Santa Clara, Calif. : Online) 
210 0 |a Condor  |b (Los Angel. Calif. Online) 
222 4 |a The condor  |b (Los Angeles, Calif. Online) 
245 1 4 |a The condor  |h [electronic resource] :  |b bulletin of the Cooper Ornithological Club. 
260 |a Santa Clara, Cal. :  |b Cooper Ornithological Club,  |c [1900]- 
310 |a Quarterly,  |b 1968- 
321 |a Bimonthly,  |b 1900-1967 
362 0 |a Vol. 2, no. 1 (Jan./Feb. 1900)- 
500 |a Title from PDF caption (University of New Mexico website; viewed Sept. 16, 2004). 
500 |a Place of publication varies. 
506 |a License restrictions may limit access. 
538 |a Mode of access: World Wide Web. 
550 |a Issued by: Cooper Ornithological Society, 1953-<2004>. 
588 |a Latest issue consulted: Vol. 116, issue 1 (Feb. 2014). 
650 0 |a Birds  |v Periodicals. 
650 0 |a Birds  |z California  |v Periodicals. 
650 0 |a Ornithology  |v Periodicals. 
650 6 |a Oiseaux  |v Périodiques. 
650 6 |a Oiseaux  |z Pacifique, Côte du  |v Périodiques. 
650 7 |a Birds.  |2 fast  |0 (OCoLC)fst00832970 
650 7 |a Ornithology.  |2 fast  |0 (OCoLC)fst01048358 
651 7 |a California.  |2 fast  |0 (OCoLC)fst01204928 
655 0 |a Electronic journals. 
710 2 |a Cooper Ornithological Club. 
710 2 |a Cooper Ornithological Society. 
776 0 8 |i Print version:  |t Condor (Santa Clara, Calif.)  |x 0010-5422  |w (DLC) 09023420  |w (OCoLC)6135996 
780 0 0 |t Bulletin of the Cooper Ornithological Club (Online)  |x 2163-629X  |w (DLC) 2004242164  |w (OCoLC)55667767 
856 4 0 |z Full text available from Research Library: 02/01/1998 to 11/30/2012  |u https://search.proquest.com/publication/48554